|
|
|
|
| LEADER |
01477nam a22003372a 4500 |
| 001 |
001265935 |
| 003 |
CZ BrMZK |
| 005 |
20251218065130.0 |
| 007 |
ta |
| 008 |
121119s1963 xr af er|||||||||||cze d |
| 015 |
|
|
|a cnb000518908
|
| 035 |
|
|
|a (OCoLC)85341662
|
| 040 |
|
|
|a ABA001
|b cze
|c HKA001
|d ABA001
|
| 080 |
9 |
|
|a 796.6(437):779:908.437.1-13
|
| 100 |
1 |
|
|a Sitenský, Ladislav,
|d 1919-2009
|7 jk01111376
|4 pht
|
| 245 |
1 |
0 |
|a Putování na kole /
|c Ladislav Sitenský ; úvodním slovem doprovází Jan Hořejší
|
| 250 |
|
|
|a 1. vyd.
|
| 260 |
|
|
|a Praha :
|b Sportovní a turistické nakladatelství,
|c 1963
|
| 300 |
|
|
|a [98] s. :
|b il. ;
|c 28 cm
|
| 500 |
|
|
|a Il. tit. dvoulist
|
| 500 |
|
|
|a Fot. na předsádkách
|
| 500 |
|
|
|a 10000 výt.
|
| 520 |
2 |
|
|a Cyklus fotografií z několikadenní túry skupiny mladých lidí po Českomoravské vrchovině, jižních Čechách, středním Povltaví a Posázaví dokumentuje nejen půvab turistiky na kole, ale i krásy přírodykudy cesta vedla.
|
| 700 |
1 |
|
|a Hořejší, Jan
|4 wfw
|
| 856 |
4 |
1 |
|u http://www.digitalniknihovna.cz/mzk/uuid/uuid:364f16a0-378f-11e2-b19a-005056827e52
|y Digitalizovaný dokument
|x NDK
|
| 910 |
|
|
|a BOA001
|b 4-0500.709
|b PK-N-0006.783
|
| 920 |
|
|
|a 000793449
|
| 990 |
|
|
|a BK
|
| 991 |
|
|
|b 201211
|
| 996 |
7 |
|
|b 2619497013
|c 4-0500.709
|l MZK
|r Sklad / do 1 hodiny
|n 0
|w 001300208
|u 000010
|a 1
|e BOA001
|j MZK50
|s A
|
| 996 |
7 |
|
|b 3119684179
|c PK-N-0006.783
|l MZK
|r Sklad / do 1 hodiny
|n 3
|w 001300208
|u 000020
|a 1
|e BOA001
|j MZK50
|s A
|